Statistics for Biggest Cities in England in 1377

Click here to take the quiz!

General Stats

  • This quiz has been taken 42 times
  • The average score is 16 of 30

Answer Stats

PopulationCity% Correct
23,314London
100%
7,248York
92%
1,902Cambridge
84%
2,357Oxford
82%
6,345Bristol
76%
3,952Norwich
76%
1,477Nottingham
76%
2,574Canterbury
68%
2,101Leicester
68%
2,647Newcastle
68%
1,700Plymouth
68%
1,507Ipswich
61%
4,817Coventry
55%
3,569Lincoln
55%
2,955Colchester
53%
1,477Northampton
53%
1,560Exeter
50%
2,239Gloucester
47%
1,557Worcester
47%
1,557Hull
45%
1,772Ely
37%
1,903Hereford
37%
1,440Winchester
37%
3,217King's Lynn
26%
2,445Bury St. Edmunds
24%
3,226Salisbury
24%
2,083Shrewsbury
24%
2,663Beverley
18%
2,871Boston
18%
1,941Great Yarmouth
18%

Score Distribution

Percentile by Number Answered

Percent of People with Each Score

Your Score History

You have not taken this quiz